Možnosti a meze optimalizace kapitálové struktury podniků českého mlékarenského průmyslu
Problematika hľadania optima kapitálovej štruktúry firiem. Priblíženie záverov Kompromisnej teórie k možnosti jej konkrétnej aplikácie pri finančnom rozhodovaní v podnikoch českého mliekarenského priemyslu.
Salvato in:
| Autore principale: | |
|---|---|
| Altri autori: | |
| Natura: | Capitolo di libro |
| Lingua: | ceco |
| Soggetti: | |
| Tags: |
Nessun Tag, puoi essere il primo ad aggiungerne!!
|
MARC
| LEADER | 00000naa$a2200000$$$4500 | ||
|---|---|---|---|
| 001 | 0021997 | ||
| 005 | 20220718105751.3 | ||
| 041 | 0 | |a cze | |
| 044 | |a SK | ||
| 245 | 1 | 0 | |a Možnosti a meze optimalizace kapitálové struktury podniků českého mlékarenského průmyslu |c Gabriela Chmelíková, Renata Černíková |
| 520 | |a Problematika hľadania optima kapitálovej štruktúry firiem. Priblíženie záverov Kompromisnej teórie k možnosti jej konkrétnej aplikácie pri finančnom rozhodovaní v podnikoch českého mliekarenského priemyslu. | ||
| 610 | 2 | 0 | |a priemysel mliekarský |
| 610 | 2 | 0 | |a Česko |
| 610 | 2 | 0 | |a podnik |
| 610 | 2 | 0 | |a vývoj hospodársky |
| 610 | 2 | 0 | |a financie podnikové |
| 610 | 2 | 0 | |a dlhy |
| 610 | 2 | 0 | |a zadlženosť |
| 610 | 2 | 0 | |a úpadok podniku |
| 610 | 2 | 0 | |a financovanie podnikov |
| 610 | 2 | 0 | |a štruktúra kapitálová |
| 610 | 2 | 0 | |a optimalizácia |
| 610 | 2 | 0 | |a kapitál cudzí |
| 610 | 2 | 0 | |a modely |
| 610 | 2 | 0 | |a rozhodovanie finančné |
| 100 | 1 | |a Chmelíková, Gabriela | |
| 700 | 1 | |a Černíková, Renata | |